| Поле | Инд. | ПП | Название | Значение |
|---|---|---|---|---|
| Тип записи | a | |||
| Библиографический уровень | m | |||
| 001 | Контрольный номер | RU/LIBMSTU/264530772 | ||
| 005 | Дата корректировки | 20140505122756.6 | ||
| 020 | 00 | a | ISBN | 5-211-04592-0 |
| c | Цена, тираж | 581-16 | ||
| 084 | a | Индекс другой классификации/Индекс ББК | 65.050+67.401.0 | |
| 090 | 00 | a | Полочн. индекс | 65.050 |
| x | Авторский знак | Ш 30 | ||
| 100 | 10 | a | Автор | Шафритц Дж. |
| 245 | 00 | a | Заглавие | Классики теории государственного управления : американская школа |
| c | Ответственность | пер. с англ. Т. И. Борисенко и др. ; МГУ им. М. В. Ломоносова | ||
| 260 | 00 | a | Место издания | Москва |
| b | Издательство | Изд-во МГУ | ||
| c | Дата издания | 2003 | ||
| 300 | 00 | a | Объем | 800 с. |
| 650 | _4 | a | Основная рубрика | Управление-Теория |
| 653 | 00 | a | Ключевые слова | Американская школа управления |
| a | Ключевые слова | Государственное управление | ||
| a | Ключевые слова | Теория управления | ||
| a | Ключевые слова | Управление | ||
| 700 | 10 | a | Другие авторы | Хайд А. |
| 990 | 00 | f | Даты поступлений (DOS) | 10.04 |